000 00441nam a2200133Ia 4500
005 20210429153910.0
008 210429s9999 xx 000 0 und d
082 _a620.110 A3156M
100 _aZeeshan Akram, Ahsan Jamil, Osama Anwar.
_955047
245 _aMicrobial Testing and Evalutation of Anticorrosion Polymer Coatings for Engineering Applications with CD (UG-MAT-2016)
260 _aSCME
_c2016
300 _a87p.
942 _2ddc
_cTH
999 _c561081
_d561081